| 000 | 00439cam a2200205 4500 | ||
|---|---|---|---|
| 001 | D13405 | ||
| 008 | 090401t1955 xxu||||| |||| 00| 0 eng d | ||
| 035 | _a(Sirsi) u9558 | ||
| 041 | _aeng | ||
| 100 | _aMegarry, R.E. | ||
| 245 | 4 | _aThe rent Acts | |
| 250 | _a8th | ||
| 260 |
_bStevens & Sons _c1955 |
||
| 350 | _a0 | ||
| 520 | _aShelf 132 | ||
| 700 | _aBramall, A. | ||
| 700 | _aBaker, P.V. | ||
| 942 | _n0 | ||
| 948 | _c04/03/1997 | ||
| 999 |
_c86640 _d86640 |
||